Mainline Pokémon Games - Statistics

General Stats
  • This quiz has been taken 47 times
  • The average score is 34 of 38
Answer Stats
Device Answer Year % Correct
GB Pokémon Blue 1996
100%
GBC Pokémon Gold 1999
100%
GB Pokémon Red 1996
100%
GBC Pokémon Silver 1999
100%
3DS Pokémon Y 2013
100%
GB Pokémon Yellow 1998
100%
DS Pokémon Black 2010
96%
Switch Pokémon Shield 2019
96%
Switch Pokémon Sword 2019
96%
DS Pokémon White 2010
96%
3DS Pokémon X 2013
96%
GBA Pokémon FireRed 2004
93%
3DS Pokémon Moon 2016
93%
GBA Pokémon Ruby 2002
93%
DS Pokémon SoulSilver 2009
93%
3DS Pokémon Sun 2016
93%
DS Pokémon Black 2 2012
89%
DS Pokémon Diamond 2006
89%
GBA Pokémon Emerald 2004
89%
DS Pokémon HeartGold 2009
89%
GBA Pokémon LeafGreen 2004
89%
Switch Pokémon: Let's Go Pikachu 2018
89%
3DS Pokémon Omega Ruby 2014
89%
DS Pokémon Platinum 2008
89%
GBA Pokémon Sapphire 2002
89%
Switch Pokémon Scarlet 2022
89%
Switch Pokémon Violet 2022
89%
DS Pokémon White 2 2012
89%
3DS Pokémon Alpha Sapphire 2014
85%
GBC Pokémon Crystal 2000
85%
Switch Pokémon Legends: Arceus 2022
85%
Switch Pokémon: Let's Go Eevee 2018
85%
DS Pokémon Pearl 2006
85%
3DS Pokémon Ultra Moon 2017
85%
3DS Pokémon Ultra Sun 2017
85%
Switch? Pokémon Legends: Z-A 2025
81%
Switch Pokémon Brilliant Diamond 2021
74%
Switch Pokémon Shining Pearl 2021
74%
No matching quizzes found
Score Distribution
Percent of People with Each Score
Percentile by Number Answered
Your Score History
You have not taken this quiz